LEADER 01067nam a2200205 i 4500 001 000000238866 003 CaOOAMICUS 005 20150216000000.0 008 150216s1721 it u000 u ita u 013 $a217771 026 $alaan iar- a.a- fure (3) 1721 (R) 040 $aSeMil$bita 245 10$aTomo 2. 300 $a[2], X, 402, [2] p. 500 $aVignette calcogr. all'inizio di ciascun libro. - Segn. : a6 A-Q12 R10. 500 $aMarca editoriale: La Religione: Donna seduta con croce nella mano sinistra e fiammella nella destra, alla sua destra un elefante (Repertorio consultato: Marques d'impressors, Univ. di Barcellona). 773 0 $aFlechier, Ésprit <1632-1710>$tIstoria del cardinale Ximenes di monsignore Spirito Flechier vescovo di Nimes, divisa in due tomi, tradotta dalla lingua francese nella italiana. Tomo 1. [-2.].$dIn Venezia : Presso Gio: Battista Recurti, 1721.$g2$w()31386 850 $aSeMil 852 $aSeMil$W1$xVenegono$y1$m3D I 130 FA$j189212$B189212$CSeMilBibl$Z2$F200001 $8I 996 $6245$aTomo 2$9(OLS)http://semarc/title/49331 LEADER 01600nam a2200289 i 4500 001 000000122906 003 CaOOAMICUS 005 20040211000000.0 008 040211s2003 it u000 u ita u 013 $a95601 020 $a88-250-1435-X 040 $aSeMil$bita 245 12$aL'Europa e le religioni :$bidentità religiose e progetto di Costituzione europea /$cGiampaolo Dianin (a cura) 260 $aPadova :$bMessaggero,$ccopyr. 2003. 300 $a95 p. ;$c21 cm. 490 0 $aLa croce di Aquileia. Percorsi teologici ;$v5 500 $aSul verso del front. : Atti del Convegno organizzato dalla Facoltà Teologica dell'Italia settentrionale, sezione di Padova, Padova, 15 febbraio 2003 ... - In copertina : Omaggio ai lettori di "Credere Oggi" [rivista]. 650 4$aEuropa - Confessioni religiose.$0(OLS)http://semarc/subject/16437 700 1 $aDianin, Giampaolo,$d<1962- >.$0(OLS)http://semarc/name/37752 700 1 $aConvegno «L'Europa e le religioni : identità religiose e progetto di Costituzione europea» <2003 ; Padova>.$0(OLS)http://semarc/name/51047 830 3$aLa croce di Aquileia. Percorsi teologici ;$v5.$0(OLS)http://semarc/title/11793 850 $aSeMil 852 $aSeMil$W1$xVenegono$y1$m3N II 17$j77731$B77731$CSeMilBibl$Z2$F80205 $81 961 $aOmaggio: Messaggero 996 $6020$a88-250-1435-X$9(OLS)http://semarc/number/108514 996 $6245$aL'Europa e le religioni :$bidentità religiose e progetto di Costituzione europea$9(OLS)http://semarc/title/180842 996 $6260$aPadova :$bMessaggero$9(OLS)http://semarc/publisher/29786